000 00291pab a2200133 454500
008 180718b1987 xxu||||| |||| 00| 0 eng d
245 _aSardar Sarovar (Narmada) Project
260 _c1987
300 _a43-7
362 _aJune
650 _aIrrigation
773 _aNirnay
909 _a11368
999 _c11368
_d11368